000 00340nam a22001453 4500
001 206822
005 20250623133254.0
090 _a206822
100 _a20250623 ukry50
101 _aukr
102 _aUA
200 _a
210 _d2025
801 _2unimarc
_aUA
_gpsbo
942 _cNEWSPAPER